000 00735nam a2200229 a 4500
001 24188
003 BD-RjUL
005 20211209001023.0
008 140312r19521945enka b 001 0aeng d
035 _a(BD-RjUL)24254
040 _aSUSA
_beng
_cSUSA
_dSUA
_dBD-RjUL
041 _aeng
082 0 4 _a823.912
_bSIL V-1 1952
100 1 _aSitwell, Osbert,
_d1892-1969.
_974512
245 1 0 _aLeft hand right hand ! :
_ban autobiography /
_cOsbert Sitwell.
_nThe First Volume
250 _a1st ed.
260 _aLondon :
_bReprint Society,
_c1946 [reprinted 1952].
300 _axvi, 271 p. :
_bill. ;
_c23 cm.
504 _aIncludes bibliographical references and index.
600 1 0 _aSitwell, Osbert,
_d1892-1969.
_974517
942 _2ddc
_cBK
999 _c24188
_d24188